| 000 | 00973nam0a2200301 i 4500 | ||
|---|---|---|---|
| 001 | RU\NLR\BIBL_A\010002641 | ||
| 005 | 20240726091601.0 | ||
| 010 |
_a9785516001413 _bВ пер. |
||
| 021 |
_aRU _b2013-78904 _95440 |
||
| 035 | _a(NLR Aleph) 010002641 | ||
| 090 |
_a9804837 _c9804837 |
||
| 100 | _a20131108d2013 km y0rusy50 ca | ||
| 101 | 1 |
_arus _ceng |
|
| 102 | _aRU | ||
| 105 | _ay|||||||||||| | ||
| 200 | 1 |
_aАлый Первоцвет _e[роман _fЭмма Орси _eперевод с английского |
|
| 210 |
_aСанкт-Петербург _cЛенинград _d2013 |
||
| 215 |
_a318, [1] с. _d21 |
||
| 225 | 1 |
_aКоллекция приключений _vВып. 5 |
|
| 675 | _a821.111-31 | ||
| 686 | 1 | _aШ6(4Вл)67-440.4(Лх1297-50) | |
| 700 | 1 |
_aОрси _bЭ. _gЭмма |
|
| 801 | 0 |
_aRU _bRuMoRKP _c20080512 _gRCR |
|
| 801 | 2 |
_aRU _bРГБ _c20131001 _grcr |
|
| 942 | _cBOOK | ||
| 980 | _aNBR | ||